LEADER 02573oas 2200865 a 450 001 9910142554403321 005 20260310213014.0 035 $a(DE-599)ZDB2401817-X 035 $a(DE-599)2401817-X 035 $a(OCoLC)213443095 035 $a(CONSER) 2008263340 035 $a(CKB)1000000000328867 035 $a(EXLCZ)991000000000328867 100 $a20080318a20019999 sy 101 0 $apor 135 $aur||||||||||| 181 $ctxt$2rdacontent 182 $cc$2rdamedia 183 $acr$2rdacarrier 200 00$aCaderno virtual de turismo 210 $aRio de Janeiro $cLaborato?rio de Tecnologia e Desenvolvimento Social$d[2001]- 215 $a1 online resource 300 $aRefereed/Peer-reviewed 311 08$a1677-6976 517 1 $aCVT 606 $aTourism$zBrazil$vPeriodicals 606 $aTourism$xResearch$zBrazil$vPeriodicals 606 $aTourism$vPeriodicals 606 $aCulture and tourism$vPeriodicals 606 $aTourism$xStudy and teaching (Higher)$zBrazil$vPeriodicals 606 $aCulture and tourism$2fast$3(OCoLC)fst00885097 606 $aTourism$2fast$3(OCoLC)fst01153142 606 $aTourism$xResearch$2fast$3(OCoLC)fst01153199 606 $aTourism$xStudy and teaching (Higher)$2fast$3(OCoLC)fst01153210 606 $aEthnotourisme$vPe?riodiques 607 $aBrazil$2fast$1https://id.oclc.org/worldcat/entity/E39QbtfRB9KGtqfkFTFbfB77QY 608 $aPeriodicals.$2fast 615 0$aTourism 615 0$aTourism$xResearch 615 0$aTourism 615 0$aCulture and tourism 615 0$aTourism$xStudy and teaching (Higher) 615 7$aCulture and tourism. 615 7$aTourism. 615 7$aTourism$xResearch. 615 7$aTourism$xStudy and teaching (Higher) 615 6$aEthnotourisme 712 02$aUniversidade Federal do Rio de Janeiro.$bLaborato?rio de Tecnologia e Desenvolvimento Social. 712 02$aUniversidade Federal do Rio de Janeiro.$bInstituto Virtual de Turismo. 801 0$bNTE 801 1$bNTE 801 2$bTXA 801 2$bOCLCQ 801 2$bHEBIS 801 2$bOCLCQ 801 2$bOCLCO 801 2$bOCLCQ 801 2$bOCLCA 801 2$bOCLCF 801 2$bCUS 801 2$bOCLCO 801 2$bOCLCQ 801 2$bIUL 801 2$bOCLCA 801 2$bSRU 801 2$bBWN 801 2$bOCLCQ 801 2$bAUD 801 2$bOCLCL 801 2$bOCLCQ 801 2$bU3W 906 $aJOURNAL 912 $a9910142554403321 996 $aCaderno virtual de turismo$92021981 997 $aUNINA